Ultimo titolo ai Mondiali di calcio - Statistics

Statistiche generali
  • Questo quiz è stato fatto 126 volte
  • Il punteggio medio è 8 su 8
Statistiche sulle risposte
Hint Risposta % Corretto
Argentina 2022
99%
Italia 2006
97%
Uruguay 1950
96%
Inghilterra 1966
94%
Brasile 2002
94%
Spagna 2010
94%
Germania 2014
94%
Francia 2018
94%
Nessun quiz corrispondente trovato
Distribuzione punteggi
Percentuale di utenti per punteggio
Percentile per numero di risposta
I tuoi punteggi nel tempo
Non hai fatto questo quiz